Larva avcısı / (Kayıt no. 8930)

MARC ayrıntıları
000 -BAŞLIK
Sabit Uzunluktaki Kontrol Alanı 00514nam a22001937a 4500
003 - KONTROL NUMARASI KİMLİĞİ
Kontrol Alanı KOHA_MİRAKIL
005 - EN SON İŞLEM TARİHİ ve ZAMANI
Kontrol Alanı 20250926155906.0
008 - SABİT UZUNLUKTAKİ VERİ ÖGELERİ - GENEL BİLGİ
Sabit Alan 250926b tu ||||| |||| 00| 0 tur d
020 ## - ISBN - ULUSLARARASI STANDART KİTAP NUMARASI
Isbn 9789752210530
040 ## - KATALOGLAMA KAYNAĞI
Özgün Kataloglama Kurumu TR-AnABB
Kataloglama Dili tur
Çeviri Kurumu TR-AnABB
041 ## - DİL KODU
Metin ya da ses kaydının dil kodu tur
082 ## - DEWEY ONU SINIFLAMA SİSTEMİ
Sınıflama Numarası 892.7336
Cutter numarası AMI 2021
100 1# - KİŞİ ADI
Yazar Adı (Kişi adı) Amir, Tag Elsir,
245 10 - ESER ADI BİLDİRİMİ
Başlık Larva avcısı /
Sorumluluk Bildirimi Tag Elsir Amir
260 ## - YAYIN, DAĞITIM, VB.
Yayın Yeri Ankara :
Yayınevi Bilgi Yayınevi,
Yayın Tarihi 2021
300 ## - FİZİKSEL TANIMLAMA
Sayfa, Cilt vb. 143 sayfa ;
Boyutları 21 cm
650 04 - KONU BAŞLIĞI EK GİRİŞ - KONU TERİMİ
Konusal terim veya coğrafi ad ABB124433
942 ## - EK GİRİŞ ÖGELERİ (KOHA)
Sınıflama Kaynağı Dewey Decimal Classification
Materyal Türü Kitap
900 ## - YEREL BİLGİ
Kontrol Gizem YORULMAZ
Mevcut
Geri Çekilme Durumu Kayıp Durumu Sınıflandırma Kaynağı Kredi için değil Kalıcı Konum Mevcut Konum Kayıt Tarih Toplam Ödünçverme Yer Numarası Demirbaş Numarası Son Görülme Tarihi Fatura Tarihi Materyal Türü
    Dewey Decimal Classification   Büyükşehir Genç Akademi Batıkent Büyükşehir Genç Akademi Batıkent 26/09/2025   892.7336 AMI 2021 ABB124433 26/09/2025 26/09/2025 Kitap